Common understanding on international standards and gateways for Central Securities Depository and Real-Time Gross Settlement (CSD-RTGS) Linkages : Cross-Border Settlement Infrastructure Forum.

Bibliographic Details
Format: eBook
Language:English
Published: Mandaluyong City, Metro Manila : Asian Development Bank, [2019]
Subjects:
Online Access:Click to View
LEADER 01782nam a2200373 i 4500
001 EBC5842883
003 MiAaPQ
005 20200520144314.0
006 m o d |
007 cr cnu||||||||
008 190830s2019 ph ob 000 0 eng d
020 |z 9789292616120 
020 |a 9789292616137 (e-book) 
035 |a (MiAaPQ)EBC5842883 
035 |a (Au-PeEL)EBL5842883 
035 |a (OCoLC)1111458718 
040 |a MiAaPQ  |b eng  |e rda  |e pn  |c MiAaPQ  |d MiAaPQ 
050 4 |a HG4631  |b .C666 2019 
082 0 |a 332.178  |2 23 
245 0 0 |a Common understanding on international standards and gateways for Central Securities Depository and Real-Time Gross Settlement (CSD-RTGS) Linkages :  |b Cross-Border Settlement Infrastructure Forum. 
264 1 |a Mandaluyong City, Metro Manila :  |b Asian Development Bank,  |c [2019] 
264 4 |c 2019 
300 |a 1 online resource (36 pages) 
336 |a text  |b txt  |2 rdacontent 
337 |a computer  |b c  |2 rdamedia 
338 |a online resource  |b cr  |2 rdacarrier 
504 |a Includes bibliographical references. 
588 |a Description based on print version record. 
590 |a Electronic reproduction. Ann Arbor, MI : ProQuest, 2018. Available via World Wide Web. Access may be limited to ProQuest affiliated libraries. 
650 0 |a Clearing of securities. 
655 4 |a Electronic books. 
776 0 8 |i Print version:  |t Common understanding on international standards and gateways for Central Securities Depository and Real-Time Gross Settlement (CSD-RTGS) Linkages : Cross-Border Settlement Infrastructure Forum.  |d Mandaluyong City, Metro Manila : Asian Development Bank, c2019   |h 36 pages   |z 9789292616120 
797 2 |a ProQuest (Firm) 
856 4 0 |u https://ebookcentral.proquest.com/lib/matrademy/detail.action?docID=5842883  |z Click to View